000 00433nam a22001451 4500
082 0 0 _a323.65
_bVIN
_cL-27,P-39
100 1 _aVincent, William Shafer,
_937689
245 1 0 _aRoles of the citizen: principles and practices.
260 _aEvanston, Ill.,
_bRow, Peterson
_c[1959]
300 _a456 p.
_billus.
_c24 cm.
526 _a0
_b0
_c0
_d323_650000000000000_VIN
650 0 _aCivics.
_937690
650 0 _aNUST
_96342
942 _2ddc
_cBK
999 _c542511
_d542511